000 00592cab a2200229 4500
001 X2308
008 090401t1995 xxu||||| |||| 00| 0 eng d
035 _a(Sirsi) u23273
041 _aeng
245 _aOld mineral permissions
260 _c1995
350 _a0
490 _aCSM (Chartered Surveyor Monthly)
_v4(7) May 1995, 9(1)
650 _aAMENDMENTS
650 _aENVIRONMENT ACT 1995
650 _aMINERAL PLANNING AUTHORITY
650 _aOLD MINERAL PERMISSIONS
650 _aSTATUTORY TIME LIMITS
690 _aMINING AND MINERALS
942 _n0
948 _c04/03/1997
999 _c15569
_d15569